Štatistické nástroje metódy Six Sigma
Nutnosť modifikácie používaných metód štatistického riadenia kvality pre potreby Six Sigma v praxi. Praktická implementácia Shewhartových regulačných diagramov.
Guardado en:
| Autor principal: | |
|---|---|
| Formato: | Capítulo de libro |
| Lenguaje: | eslovaco |
| Materias: | |
| Etiquetas: |
Sin Etiquetas, Sea el primero en etiquetar este registro!
|
MARC
| LEADER | 00000naa$a2200000$$$4500 | ||
|---|---|---|---|
| 001 | 0039715 | ||
| 005 | 20240611073117.2 | ||
| 041 | 0 | |a slo | |
| 044 | |a SK | ||
| 245 | 1 | 0 | |a Štatistické nástroje metódy Six Sigma |c Michal Tkáč |
| 520 | |a Nutnosť modifikácie používaných metód štatistického riadenia kvality pre potreby Six Sigma v praxi. Praktická implementácia Shewhartových regulačných diagramov. | ||
| 610 | 2 | 0 | |a riadenie kvality |
| 610 | 2 | 0 | |a metódy štatistické |
| 610 | 2 | 0 | |a diagramy regulačné |
| 610 | 2 | 0 | |a Six Sigma |
| 100 | 1 | |a Tkáč, Michal, 1958- | |